000 00635nam a22002297a 4500
999 _c42825
_d42825
001 13891
003 CO-MdFUSB
005 20180622073150.0
008 180213t1987 sz ||||| |||| 00| 0 spa d
020 _a2-88208-019-0
040 _aCO-MdFUSB
_bspa
_cCO-MdFUSB
_dCO-MdFUSBC
_erda
041 0 _aspa
_hfre
082 0 4 _aG 226.8 A5531e
100 1 _aAndré, G.
_eautor
245 0 _aEnseñanza práctica de las parábolas
_c / G. André
264 4 _aSuiza :
_b Perroy,
_c©1987
300 _a77 Pág.
336 _2rdacontent
_atexto
_btxt
337 _2rdamedia
_asin mediación
_bn
338 _2rdacarrier
_avolumen
_bnc
942 _cBK